Obsah a posúdenie podania v správnom konaní
V správnom konaní má obec právne postavenie správneho orgánu. V každom štádiu správneho konania obec prijíma podania od účastníkov správneho konania. O úlohe obce posúdiť podanie z formálnej, ako aj obsahovej stránky autor informuje viac v nasledujúcom článku.
Enregistré dans:
| Auteur principal: | |
|---|---|
| Format: | Chapitre de livre |
| Langue: | slovaque |
| Sujets: | |
| Tags: |
Pas de tags, Soyez le premier à ajouter un tag!
|
MARC
| LEADER | 00000naa a2200000 4500 | ||
|---|---|---|---|
| 001 | 0303338 | ||
| 005 | 20240802081323.5 | ||
| 041 | 0 | |a slo | |
| 044 | |a SK | ||
| 245 | 1 | 0 | |a Obsah a posúdenie podania v správnom konaní |c Ladislav Hrtánek |
| 520 | |a V správnom konaní má obec právne postavenie správneho orgánu. V každom štádiu správneho konania obec prijíma podania od účastníkov správneho konania. O úlohe obce posúdiť podanie z formálnej, ako aj obsahovej stránky autor informuje viac v nasledujúcom článku. | ||
| 610 | 2 | 0 | |a konanie správne |
| 610 | 2 | 0 | |a obce |
| 610 | 2 | 0 | |a poriadok správny |
| 610 | 2 | 0 | |a právo správne |
| 100 | 1 | |a Hrtánek, Ladislav | |